Las crónicas de Narnia

Saved in:
Bibliografiske detaljer
Hovedforfatter: Lewis, C. S (Author)
Format: Bog
Sprog:spansk
Udgivet: Santiago Andrés Bello 1990
Udgivelse:3a. ed
Fag:
Tags: Tilføj Tag
Ingen Tags, Vær først til at tagge denne postø!

MARC

LEADER 00000cam a2200000 a 4500
001 UCE7060
003 CL-VaPUC
005 20250313121931.0
008 150520e19900000cl |||||||||||||||||spa|d
999 |c 359202  |d 359200 
020 |a 9561308540v.1 
020 |a 956130815Kv.2 
020 |a 9561307285v.3 
020 |a 9561307412v.4 
020 |a 9561307633v.5 
020 |a 9561307633v.6 
020 |a 956130832Kv.7 
040 |c Pontificia Universidad Católica de Valparaíso 
082 0 4 |a 823  |b LEW  |2 21 
100 |a Lewis, C. S  |e author  |9 328236 
245 1 4 |a Las crónicas de Narnia 
250 |a 3a. ed 
260 |a Santiago  |b Andrés Bello  |c 1990 
300 |a v 
500 |a v.1: el león, la bruja y el ropero 
500 |a v.2: el príncipe Caspian 
500 |a v.3: la travesía del Explorador del amanecer 
500 |a v.4: la silla de plata 
500 |a v.5: el caballo y su niño 
500 |a v.6: el sobrino del mago 
500 |a v.7: la última batalla 
583 |a last modification  |c 20150520 16:51:00  |k Rodrigo Vera 
650 0 |a Literatura infantil inglesa  |9 312907  |x Cuentos 
942 |c BK  |2 ddc 
945 |d 20150520 16:51:00  |a dcastane 
952 |0 0  |1 0  |3 erb  |4 0  |6 823_000000000000000_LEW_1990  |7 0  |8 A  |9 468276  |a BIBEDU  |b BIBEDU  |e Villagrán Garnham, Jorge  |h v.1  |i 5174724  |l 3  |o 823 LEW 1990  |p 5174724  |r 2024-03-27  |s 2024-03-20  |w 2019-11-23  |y BK  |z Catalogado en:20150520  |k LIT 
952 |0 0  |1 0  |3 erb  |4 0  |6 823_000000000000000_LEW_1990  |7 0  |8 A  |9 468277  |a BIBEDU  |b BIBEDU  |e Villagrán Garnham, Jorge  |h v.2  |i 5174732  |l 4  |m 1  |o 823 LEW 1990  |p 5174732  |r 2023-12-07  |s 2023-12-06  |w 2019-11-23  |y BK  |z Catalogado en:20150520  |k LIT 
952 |0 0  |1 0  |3 erb  |4 0  |6 823_000000000000000_LEW_1990  |7 0  |8 A  |9 468278  |a BIBEDU  |b BIBEDU  |e Villagrán Garnham, Jorge  |h v.3  |i 5174740  |o 823 LEW 1990  |p 5174740  |r 2019-11-23  |w 2019-11-23  |y BK  |z Catalogado en:20150520  |k LIT 
952 |0 0  |1 0  |3 erb  |4 0  |6 823_000000000000000_LEW_1990  |7 0  |8 A  |9 468279  |a BIBEDU  |b BIBEDU  |e Villagrán Garnham, Jorge  |h v.4  |i 5174708  |o 823 LEW 1990  |p 5174708  |r 2019-11-23  |w 2019-11-23  |y BK  |z Catalogado en:20150520  |k LIT 
952 |0 0  |1 0  |3 erb  |4 0  |6 823_000000000000000_LEW_1990  |7 0  |8 A  |9 468280  |a BIBEDU  |b BIBEDU  |e Villagrán Garnham, Jorge  |h v.5  |i 5174716  |o 823 LEW 1990  |p 5174716  |r 2019-11-23  |w 2019-11-23  |y BK  |z Catalogado en:20150520  |k LIT 
952 |0 0  |1 0  |3 erb  |4 0  |6 823_000000000000000_LEW_1990  |7 0  |8 A  |9 468281  |a BIBEDU  |b BIBEDU  |e Villagrán Garnham, Jorge  |h v.6  |i 5174686  |o 823 LEW 1990  |p 5174686  |r 2019-11-23  |w 2019-11-23  |y BK  |z Catalogado en:20150520  |k LIT 
952 |0 0  |1 0  |3 erb  |4 0  |6 823_000000000000000_LEW_1990  |7 0  |8 A  |9 468282  |a BIBEDU  |b BIBEDU  |e Villagrán Garnham, Jorge  |h v.7  |i 5174694  |o 823 LEW 1990  |p 5174694  |r 2019-11-23  |w 2019-11-23  |y BK  |z Catalogado en:20150520  |k LIT